<?xml version="1.0" encoding="UTF-8"?><?xml-stylesheet type="text/xsl" href="static/style.xsl"?><OAI-PMH xmlns="http://www.openarchives.org/OAI/2.0/" xmlns:xsi="http://www.w3.org/2001/XMLSchema-instance" xsi:schemaLocation="http://www.openarchives.org/OAI/2.0/ http://www.openarchives.org/OAI/2.0/OAI-PMH.xsd"><responseDate>2026-04-17T23:31:17Z</responseDate><request verb="GetRecord" identifier="oai:riubu.ubu.es:10259/6188" metadataPrefix="marc">https://riubu.ubu.es/oai/request</request><GetRecord><record><header><identifier>oai:riubu.ubu.es:10259/6188</identifier><datestamp>2022-11-24T01:05:39Z</datestamp><setSpec>com_10259_6171</setSpec><setSpec>com_10259_5086</setSpec><setSpec>com_10259_2604</setSpec><setSpec>col_10259_6172</setSpec></header><metadata><record xmlns="http://www.loc.gov/MARC21/slim" xmlns:doc="http://www.lyncode.com/xoai" xmlns:xsi="http://www.w3.org/2001/XMLSchema-instance" xmlns:dcterms="http://purl.org/dc/terms/" xsi:schemaLocation="http://www.loc.gov/MARC21/slim http://www.loc.gov/standards/marcxml/schema/MARC21slim.xsd">
<leader>00925njm 22002777a 4500</leader>
<datafield tag="042" ind1=" " ind2=" ">
<subfield code="a">dc</subfield>
</datafield>
<datafield tag="720" ind1=" " ind2=" ">
<subfield code="a">Revilla Cuesta, Víctor</subfield>
<subfield code="e">author</subfield>
</datafield>
<datafield tag="720" ind1=" " ind2=" ">
<subfield code="a">Skaf Revenga, Marta</subfield>
<subfield code="e">author</subfield>
</datafield>
<datafield tag="720" ind1=" " ind2=" ">
<subfield code="a">Santamaría, Amaia</subfield>
<subfield code="e">author</subfield>
</datafield>
<datafield tag="720" ind1=" " ind2=" ">
<subfield code="a">Ortega López, Vanesa</subfield>
<subfield code="e">author</subfield>
</datafield>
<datafield tag="720" ind1=" " ind2=" ">
<subfield code="a">Manso Villalaín, Juan Manuel</subfield>
<subfield code="e">author</subfield>
</datafield>
<datafield tag="260" ind1=" " ind2=" ">
<subfield code="c">2021-07</subfield>
</datafield>
<datafield tag="520" ind1=" " ind2=" ">
<subfield code="a">Plastic strain behavior in the transversal direction to the axis of loading has often been underestimated in concrete design and its strength performance. However, as this article demonstrates, it is fundamental to define the viability of using concrete of a certain composition in real applications. In this study, 15 Self-Compacting Concrete (SCC) mixtures produced with Recycled Concrete Aggregate (RCA) and Ground Granulated Blast Furnace Slag (GGBFS) were subjected to a monotonic-load test and a 5-cycle loading/unloading test with increasing maximum loads. Continuous monitoring of the applied loads and the SCC strain was performed. In the transversal direction, these tests caused the appearance of a yield step, cracking by vertical splitting, and higher levels of deformability than in the longitudinal direction. It was concluded that the RCA content of SCC should be defined according to serviceability conditions when used in compressed elements, to safeguard against failure due to transversal plastic strain.</subfield>
</datafield>
<datafield tag="024" ind2=" " ind1="8">
<subfield code="a">0950-0618</subfield>
</datafield>
<datafield tag="024" ind2=" " ind1="8">
<subfield code="a">http://hdl.handle.net/10259/6188</subfield>
</datafield>
<datafield tag="024" ind2=" " ind1="8">
<subfield code="a">10.1016/j.conbuildmat.2021.123426</subfield>
</datafield>
<datafield ind1=" " ind2=" " tag="653">
<subfield code="a">Self-Compacting Concrete (SCC)</subfield>
</datafield>
<datafield ind1=" " ind2=" " tag="653">
<subfield code="a">Recycled Concrete Aggregate (RCA)</subfield>
</datafield>
<datafield ind1=" " ind2=" " tag="653">
<subfield code="a">Plastic behavior</subfield>
</datafield>
<datafield ind1=" " ind2=" " tag="653">
<subfield code="a">Stress–strain curves</subfield>
</datafield>
<datafield ind1=" " ind2=" " tag="653">
<subfield code="a">Longitudinal and transversal strain</subfield>
</datafield>
<datafield ind1=" " ind2=" " tag="653">
<subfield code="a">Loading/unloading test</subfield>
</datafield>
<datafield tag="245" ind1="0" ind2="0">
<subfield code="a">Assessment of longitudinal and transversal plastic behavior of recycled aggregate self-compacting concrete: A two-way study</subfield>
</datafield>
</record></metadata></record></GetRecord></OAI-PMH>